00401cam a22000977a 4500008004000000082001700040245011800057260005900175300001100234700005800245180718b1958 xxu||||| |||| 00| 0 eng d aU61x54 In2in aIndustrial and commercial projects in the public sectorcby Ministry of Finance, Department of Expenditure, India abMinistry of Finance, Department of Expenditurec1958 a542+p. aIndia. Department of Expenditure. Ministry of Finance